| 000 | 00432nab a2200145Ia 4500 | ||
|---|---|---|---|
| 003 | ES-SlBCS | ||
| 005 | 20210601130215.0 | ||
| 008 | 140529s1988 xxu||||| |||| 00| 0 fre d | ||
| 041 | _afre | ||
| 100 | 1 |
_aSoulez-Larivière, Daniel _953180 |
|
| 245 | 0 | 0 |
_aLa magistrature: To be or not to be _c Daniel Soulez-Larivière |
| 650 | 0 | 4 |
_aMagistratura _9170209 |
| 773 | 0 |
_tEsprit _gnº. 136-137, 1988, págs. 174-186 _wRev1438 |
|
| 942 | _cAR | ||
| 999 |
_c542807 _d542807 |
||